ARRUPE JESUIT UNIVERSITY

CORONAVIRUS -STOP THE SPREAD - CLEAN,DISINFECT,COVER

Luke (Record no. 122098)

MARC details
000 -LEADER
fixed length control field 00517nam a22001577a 4500
008 - FIXED-LENGTH DATA ELEMENTS--GENERAL INFORMATION
fixed length control field 150218b xxu||||| |||| 00| 0 eng d
020 ## - INTERNATIONAL STANDARD BOOK NUMBER
International Standard Book Number 9780801010538
050 ## - LIBRARY OF CONGRESS CALL NUMBER
Classification number BS2595.3.B58 1994
100 ## - MAIN ENTRY--PERSONAL NAME
Personal name Bock, Darrell L.
9 (RLIN) 11955
245 ## - TITLE STATEMENT
Title Luke
Remainder of title Volume 1: 1:1-9:50
Statement of responsibility, etc Darrell L. Bock
260 ## - PUBLICATION, DISTRIBUTION, ETC. (IMPRINT)
Place of publication, distribution, etc Michigan
Name of publisher, distributor, etc Baker Academic
Date of publication, distribution, etc 1994
300 ## - PHYSICAL DESCRIPTION
Extent xx, 987p. ;
Dimensions 23cm.
440 ## - SERIES STATEMENT/ADDED ENTRY--TITLE
Title Barker exegetical commentary on the New Testament
Number of part/section of a work 3A
9 (RLIN) 15293
650 ## - SUBJECT ADDED ENTRY--TOPICAL TERM
Topical term or geographic name as entry element Bible. N.T. Luke
General subdivision commentaries
9 (RLIN) 15294
942 ## - ADDED ENTRY ELEMENTS (KOHA)
Source of classification or shelving scheme Library of Congress Classification
Item type Monograph ( Printed materials)
Holdings
Withdrawn status Lost status Source of classification or shelving scheme Damaged status Not for loan Collection code Home library Current library Shelving location Date acquired Total Checkouts Full call number Barcode Date last seen Date last borrowed Price effective from Koha item type
    Library of Congress Classification     Main Collection ARRUPE LIBRARY ARRUPE LIBRARY Main Collection 18/02/2015 1 BS2595.3.B58 1994 46500002912 01/08/2016 10/09/2015 18/02/2015 Monograph ( Printed materials)

 

Arrupe Library. PO Box MP320 Mt Pleasant, Harare, Zimbabwe
263 242 745411|librarian@aju.ac.zw